| 000 | 00791nam a2200253Ia 4500 | ||
|---|---|---|---|
| 003 | OSt | ||
| 005 | 20221005081908.0 | ||
| 006 | a|||||r|||| 00| 0 | ||
| 007 | ta | ||
| 008 | 221004b |||||||| |||| 00| 0 eng d | ||
| 020 |
_a9780761935773 (hbk) _c695 |
||
| 024 | _a89777 | ||
| 037 |
_b299, 22/02/2008, Bhartiya Sahitya Bhawan _cTextual |
||
| 040 |
_aCRL _cCRL _beng |
||
| 041 |
_2eng _aeng |
||
| 082 | _aV49G:91.N, P8 | ||
| 100 |
_aMendis Dushyantha Ed. _9419459 |
||
| 245 | 0 | _aElectoral processes and governance in South Asia | |
| 260 |
_aNew Delhi _bSage Publications India _c2008 |
||
| 300 |
_a479p. _ccm. |
||
| 650 | _aHISTORY | ||
| 942 |
_hV49G:91.N, P8 _cTEXL _2cc |
||
| 999 |
_c988431 _d988431 |
||